000 00604nam a2200241Ia 4500
003 OSt
005 20221007072212.0
006 a|||||r|||| 00| 0
007 ta
008 221006b |||||||| |||| 00| 0 eng d
024 _a43,067
037 _cTextual
040 _aFLL
_cFLL
_beng
041 _2eng
_aeng
082 _aZb, Q3
100 _aWebley Lisa
_9690243
245 0 _aLegal writing
250 _a3rd
260 _aLondon
_bRoutledge Taylors & Francis Group UK
_c2013
300 _axviii,176p
_ccm.
942 _hZb, Q3
_cTEXL
_2CC
999 _c1145421
_d1145421